1348 1297 1308 1546 1783 1298 1252 1664 1870 1076 1085 1651 1192 1827 1339 1902 1850 1025 1845 1709 1606 1133 1598 1957 1483 1534 1980 1567 1892 1918 1061 1918 1017 1069 1515 1490 1786 1980 1421 1851 1969 1472 1569 1121 1432 1691 1858 1405 1552 1737 1253 1188 1850 1423 1103 1174 1659 1021 1685 1689 1180 1611 1989 1913 1490 1608 1877 1783 1963 1997 1479 1138 1817 1366 1301 1619 1434 1521 1245 1964 1083 1479 1366 1686 1467 1395 1852 1085 1693 1169 1505 1476 1017 1362 1430 1999 1897 1473 1740 BCNSPRNW ULIB Ver.6.0+V

เปลี่ยนเป็นภาษาไทย

Change to English
 แสดงรายละเอียดบรรณานุกรม
  กลับหน้าหลัก

Brief Record : Get Marc (ISO 2709) : E-mail record : QR code < ปิดหน้าต่าง
LEADER : 00000nam 2200000uu 4500
001    13399113619
003     ULIB
008    111124s2549||||th 000 0 tha d
020    ^a974943918X
090    ^aนว.^bN11H 2549
100 0  ^aNukan
245 00 ^aหนุ่มซึ้งสาวเซี้ยวเกี่ยวใจลุ้นรัก/^cNukan
250    ^aพิมพ์ครั้งที่ 1
260    ^aกรุงเทพฯ :^bเอนจอย,^c2549
300    ^a296 หน้า
710 1  ^aเอนจอย
945    ^p190^l0^i24693
995    ^aทศพร
999    ^aใช้งานได้ทุกระบบ
รายการนี้ยังไม่มีแท็ก
คุณยังไม่ได้ล็อกอิน คุณสามารถมีกิจกรรมร่วมกับเว็บไซต์ได้ แต่ต้องล็อกอินก่อน ::
  ล็อกอิน

รายการสื่อสารสนเทศ

ลำดับที่ ประเภท เลขเรียก/บาร์โค้ด สถานที่ สถานะ
1. นวนิยาย
นวนิยาย
นว. N11H 2549 ฉ.1 
  Barcode: 24693
ห้องสมุดวิทยาเขตสวรรค์ประชารักษ์
►นวนิยาย
บนชั้น
  ขอยืม

BibComment


ยังไม่เคยถูกคอมเมนท์

คอมเมนท์ทรัพยากรรายการนี้
  คอมเมนท์: หนุ่มซึ้งสาวเซี้..


 Copyright 2026. Bcnsprnw @Library